Destination B2 : (Record no. 12884)
[ view plain ]
| 000 -LEADER | |
|---|---|
| fixed length control field | 01627nam a22003855i 4500 |
| 001 - CONTROL NUMBER | |
| control field | 14770513 |
| 003 - CONTROL NUMBER IDENTIFIER | |
| control field | EG-ScBUE |
| 005 - DATE AND TIME OF LATEST TRANSACTION | |
| control field | 20191218121611.0 |
| 008 - FIXED-LENGTH DATA ELEMENTS--GENERAL INFORMATION | |
| fixed length control field | 070315s2006 enka f d 000 0 eng d |
| 020 ## - INTERNATIONAL STANDARD BOOK NUMBER | |
| International Standard Book Number | 9780230035386 |
| 040 ## - CATALOGING SOURCE | |
| Original cataloging agency | EG-ScBUE |
| Language of cataloging | eng |
| Description conventions | rda |
| Transcribing agency | EG-ScBUE |
| Modifying agency | EG-ScBUE |
| 082 04 - DEWEY DECIMAL CLASSIFICATION NUMBER | |
| Classification number | 428.34 |
| Item number | MAN |
| Edition number | 22 |
| 100 1# - MAIN ENTRY--PERSONAL NAME | |
| Personal name | Mann, Malcolm, |
| Relator term | author. |
| 9 (RLIN) | 9253 |
| 245 10 - TITLE STATEMENT | |
| Title | Destination B2 : |
| Remainder of title | grammar & vocabulary / |
| Statement of responsibility, etc | Malcolm Mann, Steve Taylore-Knowles. |
| 246 34 - VARYING FORM OF TITLE | |
| Title proper/short title | Destinations B2 : |
| Remainder of title | grammar and vocabulary with answer key |
| 246 3# - VARYING FORM OF TITLE | |
| Title proper/short title | Destination B2 : |
| Remainder of title | grammar and vocabulary |
| 264 #1 - PUBLICATION, DISTRIBUTION, ETC. (IMPRINT) | |
| Place of publication, distribution, etc | Oxford : |
| Name of publisher, distributor, etc | Macmillan Education, |
| Date of publication, distribution, etc | 2006. |
| 300 ## - PHYSICAL DESCRIPTION | |
| Extent | 254 pages : |
| Other physical details | illustrations ; |
| Dimensions | 28 cm |
| 336 ## - CONTENT TYPE | |
| Source | rdacontent |
| Content type term | text |
| Content type code | txt |
| 337 ## - MEDIA TYPE | |
| Source | rdamedia |
| Media type term | unmediated |
| Media type code | n |
| 338 ## - CARRIER TYPE | |
| Source | rdacarrier |
| Carrier type term | volume |
| Carrier type code | nc |
| 500 ## - GENERAL NOTE | |
| General note | Includes glossary. |
| 500 ## - GENERAL NOTE | |
| General note | Suitable for the updated FCE exam. |
| 520 ## - SUMMARY, ETC. | |
| Summary, etc | Destination B2: Grammar and Vocabulary is the ideal grammar and vocabulary practice book for all students preparing to take any B2 level exam: e.g. Cambridge FCE. |
| 590 ## - LOCAL NOTE (RLIN) | |
| Local note | HAGER |
| 650 #7 - SUBJECT ADDED ENTRY--TOPICAL TERM | |
| Topical term or geographic name as entry element | English language |
| General subdivision | Grammar |
| Form subdivision | Problems, exercises etc. |
| Source of heading or term | BUEsh |
| 9 (RLIN) | 9254 |
| 650 #7 - SUBJECT ADDED ENTRY--TOPICAL TERM | |
| Topical term or geographic name as entry element | English language |
| General subdivision | Sentences |
| Form subdivision | Problems, exercises, etc. |
| Source of heading or term | BUEsh |
| 9 (RLIN) | 9255 |
| 650 #7 - SUBJECT ADDED ENTRY--TOPICAL TERM | |
| Topical term or geographic name as entry element | English language |
| General subdivision | Study and teaching. |
| Form subdivision | Foreign speakers |
| Source of heading or term | BUEsh |
| 650 #7 - SUBJECT ADDED ENTRY--TOPICAL TERM | |
| Topical term or geographic name as entry element | Report writing |
| Form subdivision | Problems, exercises, etc. |
| Source of heading or term | BUEsh |
| 9 (RLIN) | 9256 |
| 653 ## - INDEX TERM--UNCONTROLLED | |
| Resource For college | Humanities: English |
| Arrived date list | December2019 |
| 655 ## - INDEX TERM--GENRE/FORM | |
| Form subdivision | Reading book |
| 700 1# - ADDED ENTRY--PERSONAL NAME | |
| Personal name | Taylore-Knowles, Steve, |
| Relator term | author. |
| 9 (RLIN) | 9258 |
| 942 ## - ADDED ENTRY ELEMENTS (KOHA) | |
| Source of classification or shelving scheme | Dewey Decimal Classification |
| Koha item type | Book - Borrowing |
| Withdrawn status | Lost status | Source of classification or shelving scheme | Damaged status | Not for loan | Collection code | Home library | Current library | Shelving location | Date acquired | Source of acquisition | Cost, normal purchase price | Total Checkouts | Total Renewals | Full call number | Barcode | Checked out | Date last seen | Date checked out | Cost, replacement price | Price effective from | Koha item type |
|---|---|---|---|---|---|---|---|---|---|---|---|---|---|---|---|---|---|---|---|---|---|
| Dewey Decimal Classification | Baccah | Central Library | Central Library | Second Floor | 09/11/2009 | 100.00 | 4 | 5 | 428.34 MAN | 000018931 | 19/12/2020 | 20/01/2015 | 20/01/2015 | 125.00 | 09/11/2009 | Book - Borrowing | |||||
| Dewey Decimal Classification | Baccah | Central Library | Central Library | Second Floor | 09/11/2009 | 100.00 | 4 | 6 | 428.34 MAN | 000018930 | 10/02/2026 | 12/02/2023 | 125.00 | 09/11/2009 | Book - Borrowing | ||||||
| Dewey Decimal Classification | Baccah | Central Library | Central Library | Second Floor | 09/11/2009 | 100.00 | 2 | 428.34 MAN | 000018929 | 15/07/2025 | 20/09/2010 | 125.00 | 09/11/2009 | Book - Borrowing | |||||||
| Dewey Decimal Classification | Baccah | Central Library | Central Library | Second Floor | 09/11/2009 | 100.00 | 2 | 1 | 428.34 MAN | 000018928 | 15/07/2025 | 01/04/2012 | 125.00 | 09/11/2009 | Book - Borrowing | ||||||
| Dewey Decimal Classification | Baccah | Central Library | Central Library | Second Floor | 09/11/2009 | 100.00 | 1 | 428.34 MAN | 000018927 | 15/07/2025 | 23/11/2009 | 125.00 | 09/11/2009 | Book - Borrowing | |||||||
| Lost and Paid For | Dewey Decimal Classification | Baccah | Central Library | Central Library | Second Floor | 09/11/2009 | 100.00 | 2 | 428.34 MAN | 000018926 | 01/09/2020 | 19/06/2018 | 125.00 | 09/11/2009 | Book - Borrowing | ||||||
| Dewey Decimal Classification | Baccah | Central Library | Central Library | Second Floor | 09/11/2009 | 100.00 | 1 | 428.34 MAN | 000018925 | 15/07/2025 | 12/11/2009 | 125.00 | 09/11/2009 | Book - Borrowing | |||||||
| Dewey Decimal Classification | Baccah | Central Library | Central Library | Second Floor | 09/11/2009 | 100.00 | 2 | 428.34 MAN | 000018924 | 15/07/2025 | 15/05/2011 | 125.00 | 09/11/2009 | Book - Borrowing | |||||||
| Dewey Decimal Classification | Baccah | Central Library | Central Library | Second Floor | 09/11/2009 | 100.00 | 4 | 428.34 MAN | 000018923 | 10/02/2015 | 20/01/2015 | 20/01/2015 | 125.00 | 09/11/2009 | Book - Borrowing | ||||||
| Dewey Decimal Classification | Baccah | Central Library | Central Library | Second Floor | 09/11/2009 | 100.00 | 3 | 428.34 MAN | 000018922 | 15/07/2025 | 09/11/2017 | 125.00 | 09/11/2009 | Book - Borrowing | |||||||
| Dewey Decimal Classification | Baccah | Central Library | Central Library | Second Floor | 09/11/2009 | 100.00 | 1 | 428.34 MAN | 000018921 | 15/07/2025 | 04/03/2010 | 125.00 | 09/11/2009 | NB - Book (Non borrowing) | |||||||
| Dewey Decimal Classification | Baccah | Central Library | Central Library | Second Floor | 19/10/2010 | 100.00 | 7 | 38 | 428.34 MAN | 000022415 | 15/07/2025 | 18/06/2017 | 125.00 | 19/10/2010 | Book - Borrowing |